000 00320nam a2200133Ia 4500
005 20251222141916.0
008 251222s9999||||xx |||||||||||||| ||spa||
020 _a987-1140-56-8
082 _a657.7/P48
100 _aPetti, Ana MarĂ­a
245 0 _aContabilidad Patrimonial
264 _bOsmar D. Buyatti
942 _cLIB
999 _c8569
_d8569